Infekce a hemostáza

Bibliographic Details
Main Authors: Paceková, M. (Author), Hudeček, Jan, 1953- (Author), Chudej, J. (Author), Kubisz, Peter, 1942-2022 (Author)
Format: Article
Language:Slovak
Czech
PhysicalDescription:Obr., tab.
ISSN:0042-773X
Subjects:

MARC

LEADER 00000nab a2200000 a 4500
001 vtls000881775
003 SK-MaSNL
005 20260501054906.0
008 250429c2004 xo 0 slo
015 |a SNBRB2004/08-24482 
035 |a CLN000233280 
035 |a urn:nbn:sk:snk-abafde 
035 |a (urnnbn)urn:nbn:sk:snk:ar-a0a1vs 
035 |a (uuid)38890a2a-f8f1-4f69-9455-c8b769c1f045 
040 |a SNKBUCL  |b slo  |c SNKBUCL  |e AACR2 
041 0 |a cze 
044 |a xo  |c SK 
080 |a 616.94+616.151.5  |2 1997 
245 0 0 |a Infekce a hemostáza  |c J. Hudeček ... [et al.] 
246 1 1 |a Infection and hemostasis 
300 |b Obr., tab. 
504 |a Res. angl., čes. 
504 |a Bibliogr. odkazy 
650 0 7 |a infekcia  |x etiológia  |x imunológia  |2 MESH  |9 1446892 
650 0 7 |a sepsa  |2 MESH  |9 14471 
650 0 7 |a inhibítory hemokoagulačných faktorov  |x použitie terapeutické  |2 MESH  |9 1446893 
650 0 7 |a koagulácia diseminovaná intravaskulárna  |x etiológia  |x úmrtnosť  |2 MESH  |9 1446894 
655 7 |a články z novín a časopisov  |2 snkbucl  |9 267496 
700 1 |a Paceková, M.  |4 aut  |9 1133909 
700 1 |a Hudeček, Jan,  |d 1953-  |4 aut  |9 200656 
700 1 |a Chudej, J.  |4 aut  |9 792748 
700 1 |a Kubisz, Peter,  |d 1942-2022  |4 aut  |9 192814 
773 0 |t Vnitřní lékařství  |g Roč. 50, č. 6 (2004), s. 453-461  |x 0042-773X 
850 |a Slovenská národná knižnica 
852 |a Slovenská národná knižnica 
954 |a odborná, vedecká literatúra cudzojazyčná (svetová)  |2 lita 
958 |a article14 
958 |a MI 
958 |a NB 
958 |a OND 
958 |a EUIPO 
999 |c 2898541  |d 2900471